The king of the Dark Chamber (Record no. 68360)

MARC details
000 -LEADER
fixed length control field 01395nam a22002417a 4500
010 ## - LCCN (DPL NO)
LC control number B-462629-633
020 ## - INTERNATIONAL STANDARD BOOK NUMBER
International Standard Book Number 9788171678198
Terms of availability 95.00
035 ## - SYSTEM CONTROL NUMBER
System control number B-462629-633
037 ## - SOURCE OF ACQUISITION
Stock number dpl
Source of stock number/acquisition K.K.PUB/VEN
082 ## - DEWEY DECIMAL CLASSIFICATION NUMBER
Classification number 882
100 ## - MAIN ENTRY--PERSONAL NAME
Personal name Tagore, Rabindranath.
245 ## - TITLE STATEMENT
Title The king of the Dark Chamber
Statement of responsibility, etc by Rabindranath Tagore
260 ## - PUBLICATION, DISTRIBUTION, ETC. (IMPRINT)
Place of publication, distribution, etc New delhi
Name of publisher, distributor, etc Rupa
Date of publication, distribution, etc 2002
270 ## - ADDRESS
Address 7/16, Ansari Road, Daryaqganj
City New delhi
300 ## - PHYSICAL DESCRIPTION
Extent 104pg.
Dimensions 16cm.
942 ## - ADDED ENTRY ELEMENTS (KOHA)
Source of classification or shelving scheme Dewey Decimal Classification
Item type English Books
Classification part 882
Call number suffix TAG
Holdings
Withdrawn status Lost status Not for loan Collection code Home library Current library Date acquired Source of acquisition Cost, normal purchase price Full call number Barcode Copy number Cost, replacement price Koha item type
  Written-off vide DLB M. No. 383 dt 16.05.19   Non-fiction Karol Bagh Karol Bagh 17/07/2012 K.K.Pub/1708/26.12.2011/25/18.01.2012/15.02.2012 95.00 882 TAG B-462632 1 95.00 English Books
  Written-off vide DLB M. No. 383 dt 16.05.19   Non-fiction Patel Nagar Patel Nagar 17/07/2012 K.K.Pub/1708/26.12.2011/25/18.01.2012/15.02.2012 95.00 882 TAG B-462630 1 95.00 English Books
      Non-fiction Sarojini Nagar Sarojini Nagar 17/07/2012 K.K.Pub/1708/26.12.2011/25/18.01.2012/15.02.2012 95.00 882 TAG B-462631 1 95.00 English Books
      Non-fiction Shahdara Branch Shahdara Branch 17/07/2012 K.K.Pub/1708/26.12.2011/25/18.01.2012/15.02.2012 95.00 882 TAG B-462633 1 95.00 English Books

© Delhi Public Library
Hit Counter
free hit counter